The Bible, Douay-Rheims, Old Testament — Part 1 (Record no. 230957)
[ view plain ]
| 000 -LEADER | |
|---|---|
| fixed length control field | 01334cam a22002533a 4500 |
| 001 - CONTROL NUMBER | |
| control field | 1609 |
| 003 - CONTROL NUMBER IDENTIFIER | |
| control field | PGUSA |
| 005 - DATE AND TIME OF LATEST TRANSACTION | |
| control field | 20140828083003.0 |
| 008 - FIXED-LENGTH DATA ELEMENTS--GENERAL INFORMATION | |
| fixed length control field | 990101s1999||||xxu|||||s|||||000 | eng d |
| 040 ## - CATALOGING SOURCE | |
| Original cataloging agency | PGUSA |
| Language of cataloging | eng |
| 042 ## - AUTHENTICATION CODE | |
| Authentication code | dc |
| 050 #4 - LIBRARY OF CONGRESS CALL NUMBER | |
| Classification number | BS |
| 245 14 - TITLE STATEMENT | |
| Title | The Bible, Douay-Rheims, Old Testament — Part 1 |
| Medium | [electronic resource] |
| 260 ## - PUBLICATION, DISTRIBUTION, ETC. (IMPRINT) | |
| Name of publisher, distributor, etc | Project Gutenberg, |
| Date of publication, distribution, etc | 1999 |
| 500 ## - GENERAL NOTE | |
| General note | Old Testament Part 1 is vol I of III. See also Complete (vol I-III) PG#8300 and Complete version (vol I-III with Appendices) PG#1581 and OT (vol II) PG#1610 and NT (vol III) PG#1582 |
| 505 0# - FORMATTED CONTENTS NOTE | |
| Formatted contents note | The First Part of the Old Testament: Book of Genesis -- Book of Exodus -- Book of Leviticus -- Book of Numbers -- Book of Deuteronomy -- Book of Josue -- Book of Judges -- Book of Ruth -- First Book of Samuel, alias 1 Kings -- econd Book of Samuel, alias 2 Kings -- Third Book of Kings -- Fourth Book of Kings -- First Book of Paralipomenon -- Second Book of Paralipomenon -- First Book of Esdras -- Book of Nehemias, alias 2 Esdras -- Book of Tobias -- Book of Judith -- Book of Esther -- Book of Job. |
| 506 ## - RESTRICTIONS ON ACCESS NOTE | |
| Terms governing access | Public domain in the USA. |
| 516 ## - TYPE OF COMPUTER FILE OR DATA NOTE | |
| Type of computer file or data note | Electronic text |
| 653 ## - INDEX TERM--UNCONTROLLED | |
| Uncontrolled term | Bible. Old Testament |
| 653 ## - INDEX TERM--UNCONTROLLED | |
| Uncontrolled term | Religion |
| 830 #0 - SERIES ADDED ENTRY--UNIFORM TITLE | |
| Uniform title | Project Gutenberg |
| Volume number/sequential designation | 1609 |
| 856 40 - ELECTRONIC LOCATION AND ACCESS | |
| Uniform Resource Identifier | <a href="http://www.gutenberg.org/ebooks/1609">http://www.gutenberg.org/ebooks/1609</a> |
| 942 ## - ADDED ENTRY ELEMENTS (KOHA) | |
| Koha item type | eBooks |
| Withdrawn status | Lost status | Damaged status | Home library | Current library | Date acquired | Total Checkouts | Date last seen | Price effective from | Koha item type |
|---|---|---|---|---|---|---|---|---|---|
| Project Gutenberg | Project Gutenberg | 08/28/2014 | 08/28/2014 | 08/28/2014 | eBooks |